Metinlerarasılık yöntemleri: Ömer Seyfettin'in hikâyeleri (Record no. 18986)

000 -LEADER
fixed length control field 00977nmm a2200289 a 4500
001 - CONTROL NUMBER
control field ocm0002015258
003 - CONTROL NUMBER IDENTIFIER
control field TR-IsHL
005 - DATE AND TIME OF LATEST TRANSACTION
control field 20201028180117.0
008 - FIXED-LENGTH DATA ELEMENTS--GENERAL INFORMATION
fixed length control field 181129s2017 tu tur
007 - PHYSICAL DESCRIPTION FIXED FIELD--GENERAL INFORMATION
fixed length control field cr cn
020 ## - INTERNATIONAL STANDARD BOOK NUMBER
International Standard Book Number 9786054635368
035 ## - SYSTEM CONTROL NUMBER
System control number 2015258
-- (N$T)
050 04 - LIBRARY OF CONGRESS CALL NUMBER
Classification number PN98.I58
Item number O34 2017
090 04 - LOCALLY ASSIGNED LC-TYPE CALL NUMBER (OCLC); LOCAL CALL NUMBER (RLIN)
Classification number (OCLC) (R) ; Classification number, CALL (RLIN) (NR) PN98.I58
Local cutter number (OCLC) ; Book number/undivided call number, CALL (RLIN) O34 2017
100 1# - MAIN ENTRY--PERSONAL NAME
Personal name Özdemir, Serkan
245 10 - TITLE STATEMENT
Title Metinlerarasılık yöntemleri: Ömer Seyfettin'in hikâyeleri
Medium [electronic resource] /
Statement of responsibility, etc. Serkan Özdemir ; editör Furkan Öztürk
250 ## - EDITION STATEMENT
Edition statement 1. Basıkı
260 ## - PUBLICATION, DISTRIBUTION, ETC.
Place of publication, distribution, etc. İstanbul :
Name of publisher, distributor, etc. Dün Bugün Yarın Yayınları,
Date of publication, distribution, etc. 2017
300 ## - PHYSICAL DESCRIPTION
Extent 222 p.
650 #4 - SUBJECT ADDED ENTRY--TOPICAL TERM
Topical term or geographic name entry element Dil ve Edebiyat
650 #4 - SUBJECT ADDED ENTRY--TOPICAL TERM
Topical term or geographic name entry element Language and Literature
650 #0 - SUBJECT ADDED ENTRY--TOPICAL TERM
Topical term or geographic name entry element Metinlerarasılık
650 #0 - SUBJECT ADDED ENTRY--TOPICAL TERM
Topical term or geographic name entry element Intertextuality
650 #7 - SUBJECT ADDED ENTRY--TOPICAL TERM
Topical term or geographic name entry element LITERARY CRITICISM / Middle Eastern
Source of heading or term bisacsh
700 1# - ADDED ENTRY--PERSONAL NAME
Personal name Öztürk, Furkan
856 40 - ELECTRONIC LOCATION AND ACCESS
Uniform Resource Identifier <a href="http://search.ebscohost.com/login.aspx?direct=true&scope=site&db=e011xww&AN=2015258">http://search.ebscohost.com/login.aspx?direct=true&scope=site&db=e011xww&AN=2015258</a>
Holdings
Withdrawn status Lost status Source of classification or shelving scheme Damaged status Not for loan Collection code Permanent Location Current Location Date acquired Total Checkouts Full call number Barcode Date last seen Price effective from Koha item type
        Online   Kıbrıs Amerikan Üniversitesi Kütüphanesi / American University of Cyprus Kıbrıs Amerikan Üniversitesi Kütüphanesi / American University of Cyprus 28.10.2020   PN98.I58 O34 2017 2015258 28.10.2020 28.10.2020 E-Kitap
Devinim Yazılım Eğitim Danışmanlık tarafından Koha'nın orjinal sürümü uyarlanarak geliştirilip kurulmuştur.